000
00307nam a2200121Ia 4500
008
190216s9999||||xx |||||||||||||| ||und||
100
_a
Gopalan N
245
0
_a
Kerala Service Rules
260
_b
"Gopalan P N , Kadambattu H, Alengadu"
_c
1968
300
_a
433p
650
_a
General Libraries
942
_c
REF
999
_c
35771
_d
35771